<?xml version="1.0" encoding="UTF-8"?>
<collection xmlns="http://www.loc.gov/MARC21/slim">
 <record>
  <leader>02855aam a22004818a 4500</leader>
  <controlfield tag="001">000018265</controlfield>
  <controlfield tag="003">14692</controlfield>
  <controlfield tag="005">20131002091030.0</controlfield>
  <controlfield tag="008">131002s2012                        viesd</controlfield>
  <datafield tag="020" ind1=" " ind2=" ">
   <subfield code="c">500000</subfield>
   <subfield code="d">500b</subfield>
  </datafield>
  <datafield tag="041" ind1="0" ind2=" ">
   <subfield code="a">vie</subfield>
  </datafield>
  <datafield tag="082" ind1="1" ind2="4">
   <subfield code="2">14</subfield>
   <subfield code="a">915.97</subfield>
   <subfield code="b">Tôn</subfield>
  </datafield>
  <datafield tag="245" ind1="0" ind2="0">
   <subfield code="a">Tổng tập dư địa chí Việt Nam</subfield>
   <subfield code="c">Phan Huy Chú, Lương Văn Can, Trúc Khê Ngô Văn Triện, Đào Duy Anh ; B.s.: Bùi Văn Vượng (ch.b.), Lê Thanh Bình, Hoàng Lê Hà... ; H.đ.: Cao Giang, Chu Văn Mười</subfield>
   <subfield code="n">T.2</subfield>
   <subfield code="p">Dư địa chí toàn quốc (Quốc chí)</subfield>
  </datafield>
  <datafield tag="260" ind1=" " ind2=" ">
   <subfield code="a">H.</subfield>
   <subfield code="b">Thanh niên</subfield>
   <subfield code="c">2012</subfield>
  </datafield>
  <datafield tag="300" ind1=" " ind2=" ">
   <subfield code="a">1568 tr.</subfield>
   <subfield code="b">bản đồ</subfield>
   <subfield code="c">27 cm.</subfield>
  </datafield>
  <datafield tag="520" ind1=" " ind2=" ">
   <subfield code="a">Tuyển chọn một số phần trong các tác phẩm Dư địa chí của các tác gia danh tiếng ở Việt Nam, phản ánh toàn cảnh và chi tiết về đất nước, con người Việt Nam trong suốt tiến trình lịch sử dân tộc với những thay đổi địa danh, sự tách nhập các địa phương trong các triều đại, thời kỳ, giai đoạn, thời điểm lịch sử cụ thể với những danh thắng, di tích, phong tục tập quán, nghi lễ, tôn giáo; những điều kiện tự nhiên, tài nguyên, đời sống kinh tế - xã hội, hệ thống giao thông thuỷ, bộ, cầu phà, bến bãi; những chính sách và quy chuẩn pháp lý Nhà nước và đặc biệt là các nội dung về tình hình địa lý và lịch sử địa lý Việt Nam; tiểu sử các vua chúa, quan lại, nho sĩ, tướng sĩ và những danh nhân trong lịch sử, lịch sử chế độ quan liêu Việt Nam trong lịch sử...</subfield>
  </datafield>
  <datafield tag="650" ind1="0" ind2="4">
   <subfield code="2">Bộ TK TVQG</subfield>
   <subfield code="a">Địa chí</subfield>
   <subfield code="z">Việt Nam</subfield>
  </datafield>
  <datafield tag="651" ind1=" " ind2="7">
   <subfield code="2">Bộ TK TVQG</subfield>
   <subfield code="a">Việt Nam</subfield>
  </datafield>
  <datafield tag="653" ind1=" " ind2=" ">
   <subfield code="a">Quốc chí</subfield>
  </datafield>
  <datafield tag="655" ind1=" " ind2="7">
   <subfield code="2">Bộ TK TVQG</subfield>
   <subfield code="a">Tổng tập</subfield>
  </datafield>
  <datafield tag="700" ind1="1" ind2=" ">
   <subfield code="a">Bùi Việt Thanh</subfield>
   <subfield code="e">b.s.</subfield>
  </datafield>
  <datafield tag="700" ind1="1" ind2=" ">
   <subfield code="a">Nguyễn Phương</subfield>
   <subfield code="e">b.s.</subfield>
  </datafield>
  <datafield tag="700" ind1="1" ind2=" ">
   <subfield code="a">Hoàng Lê Hà</subfield>
   <subfield code="e">b.s.</subfield>
  </datafield>
  <datafield tag="700" ind1="1" ind2=" ">
   <subfield code="a">Lê Thanh Bình</subfield>
   <subfield code="e">b.s.</subfield>
  </datafield>
  <datafield tag="700" ind1="1" ind2=" ">
   <subfield code="a">Bùi Văn Vượng</subfield>
   <subfield code="e">ch.b.</subfield>
  </datafield>
  <datafield tag="700" ind1="1" ind2=" ">
   <subfield code="a">Trúc Khê Ngô Văn Triện</subfield>
  </datafield>
  <datafield tag="700" ind1="1" ind2=" ">
   <subfield code="a">Lương Văn Can</subfield>
  </datafield>
  <datafield tag="700" ind1="1" ind2=" ">
   <subfield code="a">Phan Huy Chú</subfield>
  </datafield>
  <datafield tag="700" ind1="1" ind2=" ">
   <subfield code="a">Đào Duy Anh</subfield>
  </datafield>
  <datafield tag="700" ind1="1" ind2=" ">
   <subfield code="a">Chu Văn Mười</subfield>
   <subfield code="e">h.đ.</subfield>
  </datafield>
  <datafield tag="700" ind1="1" ind2=" ">
   <subfield code="a">Cao Giang</subfield>
   <subfield code="e">h.đ.</subfield>
  </datafield>
  <datafield tag="773" ind1=" " ind2=" ">
   <subfield code="d">H.</subfield>
   <subfield code="d">2011</subfield>
   <subfield code="d">Thanh niên</subfield>
   <subfield code="t">Tổng tập dư địa chí Việt Nam</subfield>
   <subfield code="w">483552</subfield>
  </datafield>
  <datafield tag="773" ind1=" " ind2=" ">
   <subfield code="d">H.</subfield>
   <subfield code="d">2012</subfield>
   <subfield code="d">Thanh niên</subfield>
   <subfield code="t">Tổng tập dư địa chí Việt Nam</subfield>
   <subfield code="w">14690</subfield>
   <subfield code="z">2000000</subfield>
  </datafield>
  <datafield tag="OWN" ind1=" " ind2=" ">
   <subfield code="a">LSP</subfield>
  </datafield>
  <datafield tag="AVA" ind1=" " ind2=" ">
   <subfield code="a">UDN50</subfield>
   <subfield code="b">LSP</subfield>
   <subfield code="d">915.97 Tôn</subfield>
   <subfield code="e">available</subfield>
   <subfield code="t">Error 5001 Not defined in file expand_doc_bib_avail.</subfield>
   <subfield code="f">5</subfield>
   <subfield code="g">0</subfield>
   <subfield code="h">N</subfield>
   <subfield code="i">0</subfield>
   <subfield code="k">1</subfield>
  </datafield>
  <datafield tag="999" ind1=" " ind2=" ">
   <subfield code="a">From the UDN01</subfield>
  </datafield>
  <datafield tag="AVA" ind1=" " ind2=" ">
   <subfield code="a">UDN50</subfield>
   <subfield code="b">LSP</subfield>
   <subfield code="d">915.97 Tôn</subfield>
   <subfield code="e">available</subfield>
   <subfield code="t">Error 5001 Not defined in file expand_doc_bib_avail.</subfield>
   <subfield code="f">5</subfield>
   <subfield code="g">0</subfield>
   <subfield code="h">N</subfield>
   <subfield code="i">0</subfield>
   <subfield code="k">1</subfield>
  </datafield>
  <datafield tag="TYP" ind1=" " ind2=" ">
   <subfield code="a">Monograph</subfield>
  </datafield>
  <datafield tag="TYP" ind1=" " ind2=" ">
   <subfield code="a">Printed language</subfield>
  </datafield>
  <datafield tag="980" ind1=" " ind2=" ">
   <subfield code="a">Mạng thư viện Đại học Đà Nẵng</subfield>
  </datafield>
 </record>
</collection>
